| 000 | 01127nam a22002537a 4500 | ||
|---|---|---|---|
| 005 | 20170124103032.0 | ||
| 010 | _aB-014569 | ||
| 020 |
_c395.00 _a8173411670 |
||
| 035 | _aB-014569 | ||
| 037 | _bCen Lib/Ret | ||
| 040 |
_aDPL _bHN |
||
| 082 |
_aउ _bमिश्ररा |
||
| 100 |
_aमिश्र, रामप्रसाद _964133 |
||
| 245 |
_aकुछ खोता कुछ पता गाँव : _cरामप्रसाद मिश्र _bआंचलिक उपन्यास / |
||
| 246 |
_aKuchh khota kuchh pata gaon : aanchlik upanyas / _bby Ramprasad Mishra |
||
| 260 |
_aदिल्ली _bइंडियन पब्लिशर्स _c2000 |
||
| 270 |
_a156-डी कमल नगर _bदिल्ली _e110007 |
||
| 300 |
_a387पृ. _c20सेमी (सजिल्द) |
||
| 650 |
_a हिन्दी साहित्य _964134 |
||
| 650 |
_a हिन्दी साहित्य -- उपन्यास _946379 |
||
| 650 |
_aHindi literature _964135 |
||
| 650 |
_aHindi literature -- Fiction _964136 |
||
| 942 |
_2ddc _cHN _hउ _mमिश्ररा |
||
| 999 |
_c115963 _d115963 |
||